000
00209 a2200097 4500
001
45234
100
_a
Helm A
245
_a
Rockets space flight
260
_a
London
_b
Faber & Faber
_c
090
_c
28424
_d
28424
942
_a
NUST-CAE
_c
M
_c
20474
999
_c
280307
_d
280307